IEP Lyon 2A - CF Economie Internationale (1) - Statistiques

Statistiques générales
  • Ce quiz a été pris 13 fois
  • Le résultat moyen est 33 sur 76
Statistiques - réponses
Hint Réponse % Correct
Qui a dit que "la mondialisation n'est pas un phénomène nouveau, ni occidental" dans un article du Monde, prix Nobel d'économie ? Amartya Sen
80%
Changement de paradigme : David Ricardo invite à revoir analyse du commerce international pour envisager les avantages ... comparatif
80%
Avant la 1ère vague de mondialisation (1800), les pays menaient des politiques inspirées par l’analyse ... qui prédominait alors. Leur position = acheter peu et vendre beaucoup. mercantiliste
80%
Révolution agricole et industrielle du XVIIIe Sans tout ramener à une découverte, l’invention de la machine à ... (Watt) permet
démultiplication de l’énergie, arriver à produire de plus en plus (hausse productivité en plus
de la hausse de mat 1e utilisées) se traduit par augmentation de pop très significative.
vapeur
80%
Ex calcul : élasticité -0,2 pour -10% de distance, on fait élasticité = commerce/distance
DONC commerce = distance x élasticité donc -10% x -0,2 = ...% d’augmentation de
commerce international.
2
60%
Démographie :
_ 200 000 pour passer de 1 million à 1 milliard MAIS explosion démographie, il a fallu seulement ... ans pour passer à 8 milliards
_ seules les épidémies très fortes ont fait ↘ la pop° mondiale
200
60%
Ainsi fin 19è, UK : 50% épargne nationale dans le Commonwealth Pour la France : entre ... et ... de l'épargne nationale dans les colonies 20 / 30
60%
Les ... premiers pays exportateurs du monde réalisent 93,4% des exports, les ... premiers pays importateurs du monde réalisent 92,2% des importations mondiales (ATT : pas les mêmes pays exactement). 50
60%
1830 : droits de douane représentent environ 33% du prix des importations Tournant du XXème siècle : entre ... et ...% (mais US protectionnisme après 1860) 5 / 10
60%
Cette chaîne de valeur insiste fortement sur ce qui se passe en ... (ex : marketing) et en ... (commercialisation) amont / aval
60%
Lendemain 2nde GM, les Etats mettent en place des institutions qui cherchent à
promouvoir la paix et le multilatéralisme :
1944 : institutions de ... ... (ville cote est EU) = Banque Mondiale et FMI.
Bretton Wood
60%
Méthode : étude de graphique
_ on dit d’abord si élasticité négative ou positive
_ puis si elle est ... ou dé...
croissante
60%
Nouveau référentiel basé sur le ... (avant c'était la livre sterling) dollar
60%
On considère la sensibilité de la demande par rapport aux prix comme forte au-delà de -1 et de 1. Entre, plutôt considéré comme ... Lien élasticité et typologie des biens. Les biens de première nécessité ont une élasticité .... Les biens comme les vêtements ont une élasticité bien plus importante (c’est pour ça qu’ils sont visés par les soldes). faible
60%
C’est aussi à cette époque que des accords bilatéraux se dév entre Etats avec clause essentielle = clause de la nation la plus ... (accord avantageux avec l'ensemble des Etats avec lesquels on commerce) favorisée
60%
C’est à cette époque que la machine à vapeur s’est dév, permettant expansion de deux secteurs majeurs des transports : transport ... (ex : Pointe Noire en Afrique) et transport ... avec bateaux de plus en plus performants. ferroviaire / maritime
60%
Variation de taux de change : exemple du ... CFA dévalué de 50% = choc monétaire (PIB d'un Md passe à 10 M) franc
60%
● III : (Industrialisation par les Industries Industrialisantes ) : but (obtenir ... politique ET économique [Inde]) DONC (utilisation commerce international avec des flux plus large à partir de ressources internes) indépendance
60%
DIT : Division ... du Travail : pays spécialisés sur la base de leur capacité productive. S’appuie sur la production de matière première. C’est Michael Porter qui a envisagé la chaine de valeurs et l’étend au-delà des éléments matériels (prod) mais s’intéresse aux éléments immatériels (R&D, SAV, commercialisation, pub…). Internationale
60%
Le commerce de biens est de 25k Md$, et 63% sont des produits ...; puis 21% = combustibles, et 10% = produits agricoles manufacturé
60%
Est-ce que la production de la Côte d'Ivoire est hyper-spécialisée ? oui / non oui
60%
Comparaison en euro SPA : est-ce que les prix belges sont plus élevés que les prix bulgares ? oui / non oui
60%
L'élasticité du commerce international au PIB est en général ... (PIB croît et CI croît aussi) mais relation corollaire (on ne sait pas si causale) positive
60%
Il faut donc regarder le ... d'achat entre des pays que l'on souhaite comparer. pouvoir
60%
DIPP : Division [réponse précédente] de Processus ... : Toujours une fragmentation des chaînes de valeur MAIS plus simplement les éléments matériels, on envisage l’ensemble de la chaîne de valeur Productif
60%
A cette période, pays émergents Inde, Chine, Brésil sont des pays qui pèsent peu dans le
commerce international. La Chine en 1960 vit sur principe simple qui consiste à « compter
sur ses ... forces » DONC réduire au max les importations. De plus, à cette époque,
monnaie chinoise n’est pas convertible (stratégie ISI)
propre
60%
Révolution néolithique née dans croissant fertile entre Bagdad et Jérusalem : baisse des coûts d’échanges et hausse rendements agricoles avec la ... (>chasse et pêche en étant nomade). sédentarisation
60%
Ce coût renvoie à 2 dimensions : coût de ... (monétaire et temps) et coût de ... (ex: douanes) transport / transaction
60%
Qui est le plus productif entre les USA ou l'Inde ? écrire USA ou Inde la Chine est moyenne (18% pop et produit 18% PIB mondial) USA
60%
2e phase de la 2e vague de mondialisation : a 90 jusqu’à ajd. Mouvement marqué par mouvement plus intense des échanges et flux financiers.- effondrement du bloc sov en 91 et chute du mur de Berlin en 1989. Alors émerge le consensus de ... préconisant des politiques éco plus libérales et extraverties. Washington
60%
● L'économie sociale de marché de Deng XiaoPing s’ouvre un peu plus (Chine “extravertie”). Rejoint l’OMC en quelle année ?? 2000
40%
Le taux d’ouverture (taux des importations sur le PIB) est passé de 5 à 7% en 1830 à ... à ...% en moyenne. Sur un temps très restreint. 20 / 25
40%
IDE rpz seulement 9% du PIB mondial en 1990 et rpz ajd pas loin de ...% de ce PIB mondial 40
40%
Le coût moyen des échanges internationaux à un niveau 100 en 1840 est passé à un niveau ... en 1900 50
40%
Il y a eu aussi des flux migratoires. Entre 1815 et 1913, on considère que ... millions d’Européens ont quitté l’Europe pour gagner le Nouveau Monde et l’Afrique du Nord 60
40%
● PIB : 42,4% pour les pays développés et 57,6% pour les autres ● Exportations : ...% pour les pays développés, le reste pour les autres ● Population : 14% pour les pays en développement, 86% pour les autres 63
40%
Dimension monétaire : ... milliards équivalent dollar / jour sur le marché d’échange (3x le PIB annuel de la France) 7500
40%
Matrice des origines des produits : exemple : 50,2% des productions de l’Amérique du nord sont destinées à l’... (polarisation très forte) Amérique du Nord
40%
Nouvel objectif : développement des échanges. Un moyen retenu est de ... les barrières douanières baisser
40%
Ce siècle est marqué par le libéralisme et la ... qui oriente également les échanges. Un certain nb de pays dév des échanges singuliers avec leurs .... A étéparticulièrement le cas pour deux grands Empires : l’Empire brit et l’Empire fr. colonisation / colonie
40%
Interpréter résultat du graphique mesurant élasticité du commerce international à la ... =
quand la ... varie, qu’advient-il du commerce international : négative et de plus en plus
faible de 1830 à 1920 PUIS élasticité remonte jusqu’en 1940 (-0,8), puis pic 2nde GM (-1,8),
puis re diminue (-0,7 en 1960), puis réaugmente.
distance
40%
De même, accord G sur les tarifs douaniers et le commerce : ... qui vise à limiter les barrières douanières (peur crise années 30) GATT
40%
Le commerce international, la fin des frontières ? pas vraiment, il faut savoir qui commerce avec qui. On peut le savoir avec le modèle ... pour comparer le "poids économique" des pays par rapport à la distance. gravitaire
40%
Archétype de ces changements = ... Laws, lois sur les blés qui limitaient les importations
des blés polonais au RU : Ricardo fait pression et Parlement brit suspend ces lois en 1846.
Cas de désarmement tarifaire.
Corn
40%
On observe une ... commerciale entre la métropole et ses colonies, laquelle est marquée par une ... financière : on a non slmt un dév des échanges des B entre pays colonisés et métropoles concernées mais également dév des flux financiers, lesquels permettent de dév en retour les échanges (cercle vertueux). intégration
40%
○ nulle : variable dénominateur n’impacte par la variable numérateur ○ positive : dénominateur et numérateur évoluent de la même façon ○ négative : dénominateur et numérateur évoluent de manière ... inverse
40%
Donner des exemples de ce qui contribue à l'effet frontière langue / diplomatie / change / barrières non tarifaires
40%
Commerce international : ensemble de flux de ... diverses (nécessitent stockage et transport) matière
40%
Elasticité CI/PIB = positive ; élasticité CI/distance = ... donc distance continue à jouer fortement. négative
40%
Graphique taux d’ouverture : niveau exportations mondiales par rapport au PIB mondial : pas loin de 14% en 1970 pour 29% 2020. Si on nous demandait si la crise Covid avait mis fin à la mondialisation, on pourrait dire qu’a priori ... puisque commerce mondial continue à croitre depuis reprise. non
40%
1995 Conf de Marrakech crée l’..., institution en charge du commerce (héritier de l’accord du GATT, pas successeur car n’était aps une institution) OMC
40%
Le schéma montre que :
● poids éco Ontario et Texas sont similaires
● ils sont à la même distance de la Colombie britannique
● pourtant il y a bien plus de commerce avec l’...
Ontario
40%
Inspirée par Colbert par ex en France. Idée que lorsqu’on vendait beaucoup de biens, on récupérait de l’... Objectif des Etats était de vendre bcp, d’exporter bcp et d’acheter peu (importer faiblement car était synonyme de sortie d’...). Tout l’objectif des Etats était d’accumuler de l’... pour financer les conquêtes. or
40%
Tous les pays n’ont pas les mêmes facteurs de production. Les ... des biens et des services ne sont pas les mêmes en fonction des pays. Par exemple, parce que l’heure de travail n’est pas rémunérée de la même manière, parce que le ... du terrain n’est pas le même, le ... des marchandises etc… prix
40%
La variable cachée (pk pays dvp devant alors que bcp moins de population) : ... -> ex ... du L = qté/facteur L par unité de temps (un jour, une année, etc.). ex ... du K = qté/K par unité de temps. productivité
40%
Conclusion, la ... de la distance n’a cessé d’augmenter. Lorsqu’on parle de distance ici, on parle de “prix de la distance”, c’est à dire les coûts de transport et les douanes. tyrannie
40%
Impact fort des crises Un graphique pour le commerce mondial des marchandises : d’une année sur l’autre,
augmentation du commerce progressive de 2015 à 2020 PUIS grand plongeon en 2020. Le
commerce plonge de -...%. Symétriquement, phéno de rattrapage : 2021 on est monté
jusqu’à 22% d’augmentation et niveau a ajd dépassé la période avant crise.
15
20%
Cette institution comptait à sa créa 75 pays et ... ajd 180
20%
En quelle année est créé le canal de Suez par le français Suez (mdr) ? gains de 40% de transport pour échanges Europe-Asie 1860
20%
2ème vague de mondialisation (en 2 périodes : ...-2000, 2000-à nos jours) 1960
20%
Evolution des importations : en 1830 = 7% du total de la richesse. Maintenant, c'est ...% (les importations augmentent plus vite que le PIB) 25
20%
Commerce de biens et de services. ● atteint actuellement ... 000 milliards de dollars dans le monde. Totalité valeur biens et services. Certaine constance dans les produits et biens vendus. Exportations 30% 31
20%
Le commerce de service représente ...k Md$ : dimension immatérielle 6
20%
Le PIB mondial représente ... 000 milliards de dollards 85
20%
Tableau des comparaisons dans le monde : CEI, Afrique et Moyen Orient sont focus sur ... et produits des industries
extractives (+60%) et exportations faibles pour produits agricoles et produits
manufacturés.
combustible
20%
Russie : le principal client des pays de la CEI est l’... (52,4%), ce qui est un problème géopolitique. Il faut comprendre aussi que la majorité du commerce ukrainien est dirigé vers l’Europe, c’est la raison pour laquelle les pays d’Europe s’inquiètent de la situation. Europe
20%
Lula : souhaitait maintenir un commerce international ... Il avait un spectre : l’Argentine (en raison de leur situation économique avait rompu les relations avec la FMI etc…, l’économie argentine a plongé dans une crise économique). Lula savait qu’en raison des 74,2% de valeurs exportés par le Brésil, il fallait rester en lien avec les marchés extérieurs. fort / important / élevé
20%
Étude de l’impact du revenu sur la demande. C’est globalement une fonction croissante. Si les revenus augmentent, alors la demande augmente. Donc des élasticités positives. Typologie des biens : biens normaux, e ≃ 1 ; bien ..., e ≃ 0 ; biens “supérieurs”, e >1. inférieur
20%
Mais aussi des flux d’... notamment véhiculés par les prix. information
20%
Positions dans les chaînes de valeurs : Europe plutôt “activités ...”, Australie “produits de bases limités”, Chine “ biens manufacturés et services de pointe”, Brésil “....” innovante
20%
Cet effet frontière est montré par quel auteur ? (comprend langue, diplomatie, McCallum
20%
Période bimétalliste (argent/or). Milieu 20ième or = valeur d’échange + Spécialisation des pays. Colonies = prod orientées vers besoins de la ... (Ex : Inde, coton pour UK qui le manufacturait) métropole
20%
On dit euro SPA mais on dit dollar ... (donner les initiales) PPA
20%
Donc ce qui compte pour un pays ce n’est pas tant la masse de produits que la productivité : ce que Ricardo met en évidence au XIXe (avantages comparatifs), c’est cette notion de productivité qui fait la différence entre les pays et crée des avantages à échanger. Ils ont des productivités différentes selon type de ... VS Smith : pays ayant avantage absolu, productivité absolue meilleure (VS productivité relative Ricardo). produit
20%
Echanges particuliers pays colonisateur/colonisé : ex Guinée, ... avant de quitter zone franc CFA offre une pépite d’or au GDG (toujours chez l’ambassadeur de Brazzaville [capitale France libre]). Sékotouré
20%
Déf élasticité = c’est un rapport de deux ... relatives (impact du dénominateur sur le numérateur), c'est une pente variation
20%
Aucun quiz correspondant
Distribution des résultats
% des personnes avec chaque résultat
Percentile par nombre de réponses
Votre historique - résultats
Vous n’avez pas pris ce quiz